Legal instruments to combat racism and xenophobia : comparative assessment of the instruments implement in the various Member States to combat all forms of disrimination, racism and xenophobia and incitement to hatred and racial violence
Αποθηκεύτηκε σε:
| Συγγραφή απο Οργανισμό/Αρχή: | |
|---|---|
| Μορφή: | Βιβλίο |
| Γλώσσα: | English |
| Δημοσίευση: |
Brussels :
Directorate General, Emmployment, Industrial Relations and Social Affairs,
1992.
|
| Θέματα: | |
| Ετικέτες: |
Προσθήκη ετικέτας
Δεν υπάρχουν, Καταχωρήστε ετικέτα πρώτοι!
|
MARC
| LEADER | 00000cam a2200000 i 4500 | ||
|---|---|---|---|
| 001 | 1/75525 | ||
| 008 | 050415s1992 be | ||| |||| ||eng|| | ||
| 035 | |l 10077726 | ||
| 040 | |a GR-MyUa |b gre |e AACR2 | ||
| 041 | 0 | |a eng | |
| 082 | 7 | |a 346.013 |2 (21) | |
| 110 | 2 | |a Commission of the European Communities. | |
| 245 | 1 | 0 | |a Legal instruments to combat racism and xenophobia : |b comparative assessment of the instruments implement in the various Member States to combat all forms of disrimination, racism and xenophobia and incitement to hatred and racial violence / |c Commission of the European Communities. |
| 260 | |a Brussels : |b Directorate General, Emmployment, Industrial Relations and Social Affairs, |c 1992. | ||
| 300 | |a 89 σ. ; |c 29 εκ. | ||
| 500 | |a December 1992. | ||
| 650 | 0 | |a Race discrimination |x Law and legislation |z European Economic Community countries. | |
| 650 | 0 | |a Minorities |x Legal status, laws, etc. |z European Economic Community countries. | |
| 650 | 0 | |a Aliens |z European Economic Community countries. | |
| 852 | |a INST |b RHODES |e 20050415 |h 346.013 COM |p 005400023537 |q 005400023537 |t BK |y 0 | ||
| 901 | |a BIBL4-2005-1 | ||
| 970 | |a Σιδερή |b Νεκταρία |z 15/04/2005 | ||